000 03534cam a22005295i 4500
001 21736692
003 OSt
005 20230923143215.0
006 m |o d |
007 cr |||||||||||
008 170620s2017 gw |||| o |||| 0|eng
010 _a 2019754371
020 _a9783662575604
020 _a9783662536223
024 7 _a10.1007/978-3-662-53622-3
_2doi
035 _a(DE-He213)978-3-662-53622-3
040 _aDLC
_beng
_epn
_erda
_cDLC
072 7 _aMAT036000
_2bisacsh
072 7 _aPBV
_2bicssc
072 7 _aPBV
_2thema
082 0 4 _a511.6
_bDIE/G
100 1 _aDiestel, Reinhard
_eauthor.
_99580
245 1 0 _aGraph Theory /
_cby Reinhard Diestel.
250 _a5th ed. 2017.
264 1 _aBerlin, Heidelberg :
_bSpringer Berlin Heidelberg :
_bImprint: Springer,
_c2017.
300 _a(XVIII, 428 pages 119 illustrations)
336 _atext
_btxt
_2rdacontent
337 _acomputer
_bc
_2rdamedia
338 _aonline resource
_bcr
_2rdacarrier
347 _atext file
_bPDF
_2rda
490 1 _aGraduate Texts in Mathematics,
_x0072-5285 ;
_v173
505 0 _aThe Basics -- Matching Covering and Packing -- Connectivity -- Planar Graphs -- Colouring -- Flows -- Extremal Graph Theory -- Infinite Graphs -- Ramsey Theory for Graphs -- Hamilton Cycles -- Random Graphs -- Graph Minors.
520 _aThis standard textbook of modern graph theory, now in its fifth edition, combines the authority of a classic with the engaging freshness of style that is the hallmark of active mathematics. It covers the core material of the subject with concise yet reliably complete proofs, while offering glimpses of more advanced methods in each field by one or two deeper results, again with proofs given in full detail. The book can be used as a reliable text for an introductory course, as a graduate text, and for self-study. From the reviews: "This outstanding book cannot be substituted with any other book on the present textbook market. It has every chance of becoming the standard textbook for graph theory."Acta Scientiarum Mathematiciarum "Deep, clear, wonderful. This is a serious book about the heart of graph theory. It has depth and integrity. "Persi Diaconis and Ron Graham, SIAM Review "The book has received a very enthusiastic reception, which it amply deserves. A masterly elucidation of modern graph theory." Bulletin of the Institute of Combinatorics and its Applications "Succeeds dramatically ... a hell of a good ook." MAA Reviews "A highlight of the book is what is by far the best account in print of the Seymour-Robertson theory of graph minors." Mathematika " ... like listening to someone explain mathematics." Bulletin of the AMS.
588 _aDescription based on publisher-supplied MARC data.
650 0 _aCombinatorics.
650 0 _aComputer science
_xMathematics.
650 1 4 _aCombinatorics.
_0https://scigraph.springernature.com/ontologies/product-market-codes/M29010
650 2 4 _aMath Applications in Computer Science.
_0https://scigraph.springernature.com/ontologies/product-market-codes/I17044
776 0 8 _iPrint version:
_tGraph theory
_z9783662536216
_w(DLC) 2017936668
776 0 8 _iPrinted edition:
_z9783662536216
776 0 8 _iPrinted edition:
_z9783662536230
776 0 8 _iPrinted edition:
_z9783662571491
776 0 8 _iPrinted edition:
_z9783662575604
830 0 _aGraduate Texts in Mathematics,
_x0072-5285 ;
_v173
906 _a0
_bibc
_corigres
_du
_encip
_f20
_gy-gencatlg
942 _2ddc
_cBK
_h511.6
_iDIE/G
_k511.6
_mDIE/G
999 _c42324
_d42324